[Event "2LD 24/25,Namest n/Osl B-Lipky HK B"]
[Site ""]
[Date "2025.01.12"]
[Round "6.3"]
[White "Miculka, Petr"]
[Black "Cech, Pavel"]
[WhiteElo "1950"]
[BlackElo "2322"]
[Result "1-0"]
[PlyCount "119"]

1. e4 e6 2. d4 d5 3. Nc3 Bb4 4. Bd3 dxe4 5. Bxe4 Nf6 6. Bf3 c5 7. Nge2 Nc6 8.
Be3 Bxc3+ 9. bxc3 Nd5 10. c4 Nb6 11. dxc5 Qxd1+ 12. Rxd1 Nxc4 13. Bxc6+ bxc6
14. Bd4 e5 15. Ba1 Bf5 16. Ng3 Bxc2 17. Rc1 Bd3 18. f4 exf4 19. Ne2 O-O-O 20.
Nxf4 Rhe8+ 21. Kf2 Re4 22. g3 g5 23. Nxd3 Rxd3 24. Rhe1 Rd2+ 25. Kf3 Rxe1 26.
Rxe1 f5 27. Re7 Rxa2 28. Bf6 Nd2+ 29. Ke3 Ne4 30. Be5 Nxc5 31. Rxh7 Ra3+ 32.
Kd4 Ne6+ 33. Kc4 Ra4+ 34. Kc3 Re4 35. Rh8+ Kd7 36. Rh7+ Kc8 37. Rh8+ Kb7 38.
Rh7+ Kb6 39. Bb8 a5 40. h4 gxh4 41. gxh4 Re3+ 42. Kc4 Re4+ 43. Kc3 a4 44. h5
Rh4 45. Ba7+ Kb5 46. Rb7+ Ka6 47. Rh7 Nf4 48. Bf2 Nd5+ 49. Kd3 Nb4+ 50. Kc3
Na2+ 51. Kd3 Nc1+ 52. Kc3 Rh3+ 53. Kc4 c5 54. Bxc5 Rh4+ 55. Bd4 Rxd4+ 56. Kxd4
Ne2+ 57. Kc4 f4 58. Rf7 a3 59. Kb3 f3 60. h6 1-0

[Event "2LD 24/25,Namest n/Osl B-Lipky HK B"]
[Site ""]
[Date "2025.01.12"]
[Round "6.4"]
[White "Winter, Ondrej"]
[Black "Soucek, Andrej"]
[WhiteElo "2257"]
[BlackElo "2072"]
[Result "1-0"]
[PlyCount "75"]

1. e4 e5 2. Nf3 Nc6 3. d4 exd4 4. Bc4 Nf6 5. e5 d5 6. Bb5 Ne4 7. Nxd4 Bd7 8.
Bxc6 bxc6 9. O-O Bc5 10. f3 Ng5 11. f4 Ne4 12. Be3 Bb6 13. Nd2 c5 14. N4f3 Bf5
15. Nxe4 Bxe4 16. Ng5 Bf5 17. e6 fxe6 18. g4 h6 19. gxf5 hxg5 20. fxe6 Qd6 21.
Qg4 O-O-O 22. e7+ Rd7 23. Qh5 Kb7 24. Qxh8 Rxe7 25. Bf2 Qg6 26. Qh3 gxf4+ 27.
Qg2 Qh5 28. Rae1 Rf7 29. Kh1 Rf6 30. Bg1 f3 31. Qg3 g5 32. Re5 Qf7 33. Rxg5 Rf4
34. Be3 Rf6 35. Bg1 Rf4 36. Rg4 Rf5 37. b4 Qe6 38. Rxf3 1-0

[Event "2LD 24/25,Namest n/Osl B-Lipky HK B"]
[Site ""]
[Date "2025.01.12"]
[Round "6.5"]
[White "Simajchl, Adam"]
[Black "Vestfal, Jan"]
[WhiteElo "1821"]
[BlackElo "2036"]
[Result "0-1"]
[PlyCount "116"]

1. d4 Nf6 2. Nc3 d5 3. Bf4 c6 4. e3 Bf5 5. f3 e6 6. g4 Bg6 7. h4 h6 8. h5 Bh7
9. Bd3 Bxd3 10. Qxd3 Bd6 11. Bxd6 Qxd6 12. O-O-O Nbd7 13. e4 Qf4+ 14. Kb1 dxe4
15. Nxe4 Nxe4 16. Nh3 Nc3+ 17. Qxc3 Qf6 18. Rhe1 O-O-O 19. Nf2 Nb6 20. Ne4 Qf4
21. Nc5 Rd5 22. Re4 Qf6 23. Re3 Rhd8 24. Red3 Qf4 25. Qb4 e5 26. c3 exd4 27.
cxd4 R5d6 28. a4 R6d7 29. Nxd7 Nxd7 30. Qa5 Nb6 31. d5 Rxd5 32. Rxd5 Nxd5 33.
Re1 Kd7 34. Qxa7 Qb4 35. Rd1 Qb3 36. Qd4 Qxf3 37. Re1 f6 38. Qe4 Qb3 39. Rc1
Nb4 40. Qc4 Qxa4 41. Qf7+ Kc8 42. Qf8+ Kc7 43. Qxg7+ Kb6 44. Qg8 Nd5 45. Qe6
Qd4 46. Qe2 Ne3 47. Rc3 Nd5 48. Rb3+ Ka7 49. Qe1 b6 50. Qe6 Kb7 51. Qd7+ Kb8
52. Qxc6 Qe4+ 53. Qc2 Qe1+ 54. Qc1 Qe4+ 55. Ka1 Qxg4 56. Qxh6 Qa4+ 57. Ra3 Qd1+
58. Ka2 Nb4# 0-1

[Event "2LD 24/25,Namest n/Osl B-Lipky HK B"]
[Site ""]
[Date "2025.01.12"]
[Round "6.6"]
[White "Novak, Radomir"]
[Black "Zezula, Matej"]
[WhiteElo "2067"]
[BlackElo "1903"]
[Result "1-0"]
[PlyCount "93"]

1. d4 d5 2. c4 e6 3. Nc3 c5 4. e3 Nf6 5. Nf3 Nc6 6. a3 cxd4 7. exd4 dxc4 8.
Bxc4 Be7 9. O-O O-O 10. h3 a6 11. Be3 b6 12. b4 Bb7 13. Rc1 Rc8 14. Qe2 b5 15.
Bb3 Qd6 16. Rfd1 Nb8 17. Bg5 Rfe8 18. Ne5 Nbd7 19. Bf4 Qb6 20. Nxd7 Nxd7 21. d5
e5 22. Be3 Qg6 23. f3 Kh8 24. Ne4 f5 25. Nc5 Nxc5 26. bxc5 Red8 27. c6 Ba8 28.
a4 bxa4 29. Bxa4 a5 30. Bb6 Rf8 31. Bxa5 e4 32. fxe4 fxe4 33. Rc4 Bd6 34. Bb4
Rfe8 35. Bxd6 Qxd6 36. Rxe4 Rf8 37. Re6 Qc5+ 38. Qe3 Qb4 39. Bc2 Qc4 40. Qe4
Qxe4 41. Bxe4 h6 42. Ra1 Rfd8 43. Ra7 Re8 44. Rxe8+ Rxe8 45. Rxa8 Rxa8 46. c7
Kg8 47. d6 1-0

[Event "2LD 24/25,Namest n/Osl B-Lipky HK B"]
[Site ""]
[Date "2025.01.12"]
[Round "6.7"]
[White "Vojtech, Ladislav"]
[Black "Jezbera, Jiri"]
[WhiteElo "1917"]
[BlackElo "2065"]
[Result "1-0"]
[PlyCount "97"]

1. d4 Nf6 2. c4 g6 3. Nc3 Bg7 4. Nf3 d6 5. g3 O-O 6. Bg2 Nbd7 7. O-O c6 8. e4
Qc7 9. h3 e5 10. Be3 Rd8 11. Qc2 exd4 12. Nxd4 Ne5 13. b3 Ned7 14. Rac1 Nc5 15.
Rfd1 Ne6 16. Nde2 h6 17. Rd2 Ng5 18. Kh2 Qe7 19. Rcd1 Qe6 20. Nf4 Qe5 21. Kg1
Ne6 22. Nxe6 Qxe6 23. Bf4 Ne8 24. c5 Bf8 25. cxd6 g5 26. Be3 Rxd6 27. Ne2 Rxd2
28. Rxd2 Nf6 29. Nd4 Qe5 30. Nf5 Bxf5 31. exf5 Bb4 32. Rd1 Qe7 33. Qc4 a5 34.
Qd4 Re8 35. h4 Nh7 36. hxg5 hxg5 37. Bf3 Qe5 38. Qxe5 Rxe5 39. Rd8+ Bf8 40. g4
a4 41. bxa4 Ra5 42. Rb8 Rxa4 43. Rxb7 Rxa2 44. Bxc6 Ra1+ 45. Kg2 Rd1 46. Be8 f6
47. Bg6 Bg7 48. Bc5 Rc1 49. Bxh7+ 1-0

[Event "2LD 24/25,Namest n/Osl B-Lipky HK B"]
[Site ""]
[Date "2025.01.12"]
[Round "6.8"]
[White "Tichy, Miroslav"]
[Black "Hladky, Mikulas"]
[WhiteElo "1989"]
[BlackElo "1851"]
[Result "1-0"]
[PlyCount "61"]

1. e4 c5 2. Nc3 Nc6 3. g3 g6 4. Bg2 Bg7 5. d3 d6 6. Be3 e5 7. Qd2 Nge7 8. Bh6
O-O 9. h4 f6 10. Bxg7 Kxg7 11. h5 g5 12. h6+ Kh8 13. f4 gxf4 14. gxf4 Ng6 15.
f5 Nf4 16. Nh3 Nxg2+ 17. Qxg2 Rg8 18. Qf2 Nd4 19. Nd5 b5 20. c3 Nc6 21. Qh4 Rf8
22. Nf2 Nb8 23. Ng4 Nd7 24. Qg3 Rg8 25. Qh4 Rf8 26. O-O-O Bb7 27. Nde3 Qb6 28.
Nf2 a5 29. Rhg1 Rg8 30. Rg7 Bc6 31. Rxd7 1-0

[Event "2LD 24/25,Jihlava B-Polabiny C"]
[Site ""]
[Date "2025.01.12"]
[Round "6.1"]
[White "Seidl, Stepan"]
[Black "Stocek, Martin"]
[WhiteElo "2135"]
[BlackElo "2090"]
[Result "1-0"]
[PlyCount "87"]

1. e4 c6 2. Nc3 d5 3. Nf3 Bg4 4. h3 Bxf3 5. Qxf3 e6 6. d4 Nf6 7. Bd3 dxe4 8.
Nxe4 Qxd4 9. Be3 Bb4+ 10. Ke2 Qd8 11. Rad1 Nxe4 12. Bxe4 Qe7 13. c3 Ba5 14. Rd2
Bb6 15. Rhd1 O-O 16. a4 f5 17. Bc2 Qf6 18. Rd6 Bc7 19. R6d2 b6 20. g3 e5 21.
Kf1 a5 22. Re2 e4 23. Qg2 c5 24. g4 f4 25. Qxe4 Qh6 26. Qf3 Nc6 27. g5 Qh4 28.
Qxc6 f3 29. Qxc7 Qxh3+ 30. Ke1 fxe2 31. Kxe2 Qf3+ 32. Kd2 Rad8+ 33. Kc1 Rxd1+
34. Bxd1 Qd5 35. Qxb6 Kh8 36. Qxc5 Qa8 37. Bd4 Rc8 38. Qe5 Qb7 39. Bf3 Qf7 40.
Bd5 Qg6 41. Be4 Qf7 42. Qh2 Qg8 43. g6 Re8 44. Bd5 1-0

[Event "2LD 24/25,Jihlava B-Polabiny C"]
[Site ""]
[Date "2025.01.12"]
[Round "6.2"]
[White "Lihotsky, Lukas"]
[Black "Vesely, Vitek"]
[WhiteElo "2054"]
[BlackElo "2191"]
[Result "1/2-1/2"]
[PlyCount "92"]

1. d4 Nf6 2. c4 e6 3. Nf3 b6 4. g3 Ba6 5. Nbd2 c5 6. e4 d6 7. Bg2 Bb7 8. d5 e5
9. O-O Nbd7 10. Ne1 h5 11. h4 Be7 12. Nd3 Ng4 13. Nf3 g6 14. Bd2 Kf8 15. Qc1
Kg7 16. Ng5 Nf8 17. a3 f6 18. Nf3 Nh6 19. b4 Nf7 20. bxc5 bxc5 21. Rb1 Bc8 22.
Qc3 Kg8 23. Rb2 g5 24. Rfb1 Nd7 25. Nc1 Kg7 26. Nb3 Nb6 27. Qc2 Bd7 28. Na5 Qe8
29. Qc1 g4 30. Ne1 f5 31. exf5 Bxf5 32. Ra1 Bf6 33. Nc2 e4 34. Ne3 Bg6 35. Bc3
Ne5 36. Rab1 Rf8 37. Nc6 Nd3 38. Bxf6+ Rxf6 39. Qd1 Nxb2 40. Rxb2 Qf7 41. a4
Rf8 42. Qa1 Kg8 43. Qa2 Nc8 44. a5 Qe8 45. Qb1 R6f7 46. Bf1 Bh7 1/2-1/2

[Event "2LD 24/25,Jihlava B-Polabiny C"]
[Site ""]
[Date "2025.01.12"]
[Round "6.3"]
[White "Zigo, Viktor"]
[Black "Varejcko, Josef"]
[WhiteElo "2164"]
[BlackElo "2076"]
[Result "1/2-1/2"]
[PlyCount "22"]

1. e4 g6 2. d4 Nf6 3. Nc3 d5 4. exd5 Nxd5 5. Nxd5 Qxd5 6. Nf3 Bg7 7. Be2 c5 8.
c4 Qd6 9. Be3 cxd4 10. Bxd4 Bxd4 11. Qxd4 Qxd4 1/2-1/2

[Event "2LD 24/25,Jihlava B-Polabiny C"]
[Site ""]
[Date "2025.01.12"]
[Round "6.4"]
[White "Stary, Vojtech"]
[Black "Bukacek, Lubomir"]
[WhiteElo "1956"]
[BlackElo "2107"]
[Result "1/2-1/2"]
[PlyCount "100"]

1. Nf3 d6 2. Nc3 Nf6 3. d4 Bg4 4. e4 c6 5. Be2 Nbd7 6. O-O e5 7. Be3 Be7 8. Qd2
O-O 9. Rad1 b5 10. a3 a6 11. h3 Bxf3 12. Bxf3 Qc7 13. Ne2 Rfe8 14. Ng3 Bf8 15.
Rfe1 d5 16. exd5 cxd5 17. dxe5 Nxe5 18. Bd4 Nxf3+ 19. gxf3 Bc5 20. Nf5 Bxd4 21.
Qxd4 Qxc2 22. Ne7+ Kh8 23. Nxd5 Nxd5 24. Qxd5 h6 25. Qxf7 Rf8 26. Qb7 Qxb2 27.
Rd7 Qf6 28. Ree7 Rab8 29. Qa7 Rg8 30. Kg2 Qf4 31. Kg1 Qg5+ 32. Kh2 Rbc8 33. Qd4
Rc4 34. Qe3 Qf5 35. Rf7 Qg6 36. f4 Rc2 37. f5 Qg5 38. Qxg5 hxg5 39. Kg2 Rc6 40.
Ra7 Rb6 41. Kg3 Rh6 42. f3 Rb6 43. Kg4 Rh6 44. Kxg5 Rxh3 45. Rxa6 Rxf3 46. Raa7
Rc8 47. Rxg7 Rg3+ 48. Kh6 Rh3+ 49. Kg5 Rg3+ 50. Kh6 Rh3+ 1/2-1/2

[Event "2LD 24/25,Jihlava B-Polabiny C"]
[Site ""]
[Date "2025.01.12"]
[Round "6.5"]
[White "Skoda, Martin"]
[Black "Torvenyi, Roman"]
[WhiteElo "2149"]
[BlackElo "1957"]
[Result "1-0"]
[PlyCount "59"]

1. e4 d6 2. d4 Nf6 3. Nc3 Nbd7 4. Be3 e5 5. f3 c6 6. Qd2 Be7 7. O-O-O O-O 8. g4
b5 9. Nce2 Nb6 10. Ng3 Be6 11. Nf5 Bxf5 12. gxf5 a6 13. dxe5 dxe5 14. Qxd8 Bxd8
15. Rxd8 Rfxd8 16. Bxb6 Rd7 17. Bd3 Rb7 18. Be3 Nd7 19. Ne2 c5 20. Nc3 Kf8 21.
Nd5 Rc8 22. Rd1 f6 23. Be2 g6 24. f4 gxf5 25. fxe5 fxe5 26. exf5 Rc6 27. Bf3
Rd6 28. Rg1 Rb8 29. Bg5 h6 30. Be7+ 1-0

[Event "2LD 24/25,Jihlava B-Polabiny C"]
[Site ""]
[Date "2025.01.12"]
[Round "6.6"]
[White "Danek, Pavel"]
[Black "Seidl, Antonin"]
[WhiteElo "1938"]
[BlackElo "2078"]
[Result "0-1"]
[PlyCount "90"]

1. d4 Nf6 2. Nf3 b5 3. Bg5 Bb7 4. Nbd2 h6 5. Bxf6 gxf6 6. e4 a6 7. a4 b4 8. c4
e6 9. Bd3 Rg8 10. g3 Nc6 11. Nb3 a5 12. c5 d5 13. Qe2 Ne7 14. e5 Ng6 15. Bb5+
c6 16. Bd3 Bg7 17. Bxg6 fxg6 18. exf6 Qxf6 19. Ne5 Qf5 20. Qf3 Qxf3 21. Nxf3
Rf8 22. Ke2 Kd7 23. Ne5+ Bxe5 24. dxe5 g5 25. Nd4 Rf7 26. f3 Rg8 27. Kf2 Rgf8
28. h4 g4 29. f4 Rxf4+ 30. gxf4 Rxf4+ 31. Ke3 Re4+ 32. Kd3 Ba6+ 33. Nb5 cxb5
34. axb5 Bxb5+ 35. Kd2 a4 36. Rh2 Rxe5 37. Rf2 Kc6 38. Rf4 Re2+ 39. Kd1 g3 40.
Rxb4 g2 41. Rg4 Rf2 42. Rc1 Be2+ 43. Ke1 Rf1+ 44. Kxe2 Rxc1 45. Rxg2 Rc2+ 0-1

[Event "2LD 24/25,Jihlava B-Polabiny C"]
[Site ""]
[Date "2025.01.12"]
[Round "6.7"]
[White "Hron, Robert"]
[Black "Kuzmin, Sergej"]
[WhiteElo "1926"]
[BlackElo "1972"]
[Result "1/2-1/2"]
[PlyCount "35"]

1. d4 Nf6 2. Nf3 e6 3. c4 b6 4. g3 Ba6 5. b3 Bb4+ 6. Bd2 Bxd2+ 7. Qxd2 O-O 8.
Bg2 Bb7 9. Nc3 d6 10. O-O Nbd7 11. Rfd1 Ne4 12. Nxe4 Bxe4 13. Ne1 Bxg2 14. Kxg2
e5 15. dxe5 Nxe5 16. Nd3 Nxd3 17. Qxd3 Qe7 18. e3 1/2-1/2

[Event "2LD 24/25,Jihlava B-Polabiny C"]
[Site ""]
[Date "2025.01.12"]
[Round "6.8"]
[White "Trojan, Lubos"]
[Black "Johnova, Eliska"]
[WhiteElo "1899"]
[BlackElo "1931"]
[Result "1-0"]
[PlyCount "89"]

1. d4 e6 2. Nf3 d5 3. e3 c5 4. c3 Nc6 5. Bd3 Nf6 6. Nbd2 Be7 7. O-O O-O 8. Re1
Qc7 9. b3 e5 10. dxe5 Nxe5 11. Nxe5 Qxe5 12. Bb2 Bg4 13. Qc2 Bd6 14. Nf1 Qg5
15. f4 Qh6 16. h3 Bd7 17. Rad1 Rfe8 18. Bc1 Re7 19. Qf2 Rae8 20. Ng3 Ne4 21.
Bxe4 dxe4 22. c4 Qg6 23. Rd2 Bc7 24. Red1 Bc8 25. Rd5 b6 26. Bb2 h6 27. Kh2 Qc6
28. Nh5 f5 29. Qg3 g5 30. Nf6+ Kf7 31. Nxe8 Rxe8 32. Be5 Bxe5 33. fxe5 Qe6 34.
Rd6 Qxe5 35. Qxe5 Rxe5 36. Rxh6 f4 37. Rh7+ Kg6 38. Rc7 Be6 39. Rc6 Kf5 40. Rf1
Bd7 41. Rd6 Re7 42. Rd5+ Kg6 43. exf4 gxf4 44. Rxf4 e3 45. Rf1 1-0

[Event "2LD 24/25,Vysoke Myto-Lipa"]
[Site ""]
[Date "2025.01.12"]
[Round "6.1"]
[White "Sabol, Marian"]
[Black "Gloser, David"]
[WhiteElo "2228"]
[BlackElo "2350"]
[Result "0-1"]
[PlyCount "56"]

1. e4 e5 2. Nf3 Nc6 3. Bb5 a6 4. Ba4 Nf6 5. O-O d6 6. d4 b5 7. dxe5 dxe5 8.
Qxd8+ Nxd8 9. Bb3 Bd6 10. Bg5 Ne6 11. Bxf6 gxf6 12. a4 b4 13. Bd5 Rb8 14. g3
Nc5 15. Nh4 Bd7 16. Nd2 Nxa4 17. b3 Nc3 18. Nc4 Nxd5 19. exd5 Bc8 20. f4 Bc5+
21. Kg2 Bd4 22. Ra5 Rb5 23. Nf3 Bb7 24. fxe5 Bxd5 25. Rxa6 fxe5 26. Kh3 O-O 27.
Ncxe5 Bxe5 28. Nxe5 Bb7 0-1

[Event "2LD 24/25,Vysoke Myto-Lipa"]
[Site ""]
[Date "2025.01.12"]
[Round "6.2"]
[White "Jirasek, Pavel"]
[Black "Vesely, Tomas"]
[WhiteElo "2282"]
[BlackElo "2024"]
[Result "1/2-1/2"]
[PlyCount "56"]

1. c4 e5 2. g3 Nf6 3. Bg2 c6 4. Nf3 e4 5. Nd4 d5 6. cxd5 Qb6 7. Nb3 a5 8. d3 a4
9. N3d2 exd3 10. O-O cxd5 11. exd3 Nc6 12. Nc3 Qa5 13. Re1+ Be6 14. Bh3 Be7 15.
Bxe6 fxe6 16. Rxe6 O-O 17. Nf3 d4 18. Ne2 Qd5 19. Nf4 Qd7 20. Bd2 Bd6 21. Re1
Bxf4 22. Bxf4 Nd5 23. Ne5 Qh3 24. Qg4 Qxg4 25. Nxg4 Nxf4 26. gxf4 Rxf4 27. Ne5
Nxe5 28. Rxe5 Raf8 1/2-1/2

[Event "2LD 24/25,Vysoke Myto-Lipa"]
[Site ""]
[Date "2025.01.12"]
[Round "6.3"]
[White "Trhal, Tomas"]
[Black "Rokos, Filip"]
[WhiteElo "2043"]
[BlackElo "2144"]
[Result "0-1"]
[PlyCount "58"]

1. e4 e6 2. d4 d5 3. Nd2 Be7 4. c3 c5 5. e5 Nc6 6. Ndf3 Qb6 7. Bd3 Bd7 8. Ne2
a5 9. O-O h5 10. Rb1 cxd4 11. Nexd4 Nh6 12. h3 Nxd4 13. Nxd4 Bc5 14. Qxh5 Bxd4
15. cxd4 Qxd4 16. Rd1 Qa4 17. b3 Qb4 18. Bg5 Kf8 19. Rbc1 Bc6 20. Be3 d4 21.
Bg5 Qb6 22. Rd2 Kg8 23. Qd1 a4 24. Bc2 Re8 25. Rxd4 Qa5 26. Qe2 f6 27. Bxh6
Rxh6 28. exf6 Rxf6 29. bxa4 Qg5 0-1

[Event "2LD 24/25,Vysoke Myto-Lipa"]
[Site ""]
[Date "2025.01.12"]
[Round "6.4"]
[White "Tazlar, Petr"]
[Black "Kosek, Marek"]
[WhiteElo "2261"]
[BlackElo "2123"]
[Result "1/2-1/2"]
[PlyCount "73"]

1. d4 Nf6 2. Bg5 d5 3. e3 e6 4. c4 Be7 5. Nc3 h6 6. Bxf6 Bxf6 7. cxd5 exd5 8.
Bd3 O-O 9. Nge2 c5 10. dxc5 Qa5 11. O-O Be6 12. Rc1 Nd7 13. Qa4 Qxc5 14. Ne4
dxe4 15. Qxe4 g6 16. Rxc5 Nxc5 17. Qf3 Bxb2 18. Be4 Bxa2 19. Bxb7 Nxb7 20. Qxb7
Rfb8 21. Qa6 Bb3 22. Nd4 Bxd4 23. exd4 Be6 24. h3 Rb6 25. Qa5 Rd6 26. Rd1 a6
27. Qc5 Rad8 28. Qa5 Bc4 29. Qc5 Be6 30. Ra1 Bf5 31. Ra4 Bd3 32. Kh2 Bb5 33.
Rb4 Rd5 34. Qb6 R5d6 35. Qc5 Rd5 36. Qb6 R5d6 37. Qc5 1/2-1/2

[Event "2LD 24/25,Vysoke Myto-Lipa"]
[Site ""]
[Date "2025.01.12"]
[Round "6.5"]
[White "Ptacek, Lubos"]
[Black "Safarik, Jakub"]
[WhiteElo "2051"]
[BlackElo "2145"]
[Result "1/2-1/2"]
[PlyCount "119"]

1. e4 c5 2. Nf3 d6 3. d4 cxd4 4. Nxd4 Nf6 5. Nc3 g6 6. Be2 Bg7 7. Be3 O-O 8.
O-O Nc6 9. h3 Bd7 10. Qd2 Rc8 11. Rad1 a6 12. f4 b5 13. a3 Nxd4 14. Bxd4 Be6
15. Bf3 Rc4 16. Qe3 Qc8 17. Be2 Rc7 18. g4 Bc4 19. g5 Ne8 20. Bxc4 Rxc4 21. Nd5
Qe6 22. c3 Nc7 23. Nxc7 Bxd4 24. Rxd4 Rxc7 25. Qg3 f5 26. Re1 Qb3 27. Rd2 a5
28. Qe3 fxe4 29. Qxe4 Qf7 30. Rd4 Qf5 31. Kg2 Qxe4+ 32. Rexe4 Rf5 33. Kg3 Kf7
34. h4 Rc6 35. Kg4 d5 36. Re2 e6 37. a4 Rb6 38. axb5 Rxb5 39. Ra4 Ke7 40. b4 d4
41. bxa5 dxc3 42. Rc2 Rxa5 43. Rxa5 Rxa5 44. Rxc3 Kd6 45. Rd3+ Rd5 46. Ra3 Rd4
47. Ra6+ Ke7 48. Ra7+ Kf8 49. Ra5 Rd3 50. Ra8+ Kf7 51. Ra7+ Kg8 52. Re7 Re3 53.
h5 gxh5+ 54. Kxh5 Rh3+ 55. Kg4 Re3 56. Ra7 Kh8 57. Re7 Kg8 58. Kh4 Kh8 59. Kg4
Kg8 60. Kh4 1/2-1/2

[Event "2LD 24/25,Vysoke Myto-Lipa"]
[Site ""]
[Date "2025.01.12"]
[Round "6.6"]
[White "Sedivy, Martin"]
[Black "Kosek, Jiri"]
[WhiteElo "2110"]
[BlackElo "1938"]
[Result "1-0"]
[PlyCount "71"]

1. e4 c6 2. d4 d5 3. f3 e6 4. Nc3 g6 5. Be3 Bg7 6. Qd2 Nd7 7. h4 h5 8. O-O-O b5
9. exd5 exd5 10. Re1 Ne7 11. Bg5 f6 12. Bxb5 O-O 13. Rxe7 fxg5 14. Bxc6 Rb8 15.
Qxg5 Nf6 16. Qe5 Bf5 17. Nge2 Qb6 18. Bxd5+ Kh8 19. Bb3 Rfe8 20. g4 Rxe7 21.
Qxe7 hxg4 22. h5 gxh5 23. Ng3 Bg6 24. fxg4 Qxd4 25. gxh5 Bh7 26. Nge2 Qg4 27.
Rg1 Bh6+ 28. Kb1 Qf5 29. Ng3 Qg5 30. Qxa7 Re8 31. a4 Qd2 32. Rd1 Re1 33. Qb8+
Bg8 34. Rxe1 Qxe1+ 35. Ka2 Ne8 36. Nge4 1-0

[Event "2LD 24/25,Vysoke Myto-Lipa"]
[Site ""]
[Date "2025.01.12"]
[Round "6.8"]
[White "Flasar, Jaroslav"]
[Black "Zeman, Daniel"]
[WhiteElo "2047"]
[BlackElo "1906"]
[Result "1-0"]
[PlyCount "35"]

1. e4 c5 2. Nf3 d6 3. d4 cxd4 4. Nxd4 Nf6 5. Nc3 a6 6. a4 e5 7. Nb3 Be6 8. Bg5
Be7 9. Bxf6 Bxf6 10. Nd5 Nc6 11. c4 Rc8 12. Be2 Bxd5 13. cxd5 Nd4 14. Nxd4 Qa5+
15. Qd2 Qxd2+ 16. Kxd2 exd4 17. Kd3 Kd7 18. Bg4+ 1-0

[Event "2LD 24/25,Namest n/Osl A-Policka"]
[Site ""]
[Date "2025.01.12"]
[Round "6.1"]
[White "Walek, Petr"]
[Black "Cesenek, Jan"]
[WhiteElo "2256"]
[BlackElo "2072"]
[Result "1-0"]
[PlyCount "79"]

1. e4 c5 2. Nf3 d6 3. d4 cxd4 4. Nxd4 Nf6 5. Nc3 a6 6. Be2 e5 7. Nb3 Be6 8. f4
Qc7 9. g4 b5 10. g5 b4 11. gxf6 bxc3 12. f5 cxb2 13. Bxb2 Bc4 14. fxg7 Bxg7 15.
Bxc4 Qxc4 16. Qd3 Qxd3 17. cxd3 Kd7 18. Na5 Nc6 19. Nc4 Rhb8 20. Bc3 a5 21. Ke2
a4 22. Rab1 Kc7 23. Ne3 Ne7 24. f6 Bxf6 25. Rbf1 Bg5 26. Rxf7 Rh8 27. Rg1 h6
28. Nf5 Raf8 29. Rxe7+ Bxe7 30. Nxe7 Rh7 31. Nf5 Rf6 32. Rg8 Kb7 33. h4 d5 34.
Bxe5 Re6 35. d4 dxe4 36. Ke3 Rc6 37. Kxe4 Rc2 38. Nd6+ Ka6 39. a3 Rc3 40. Ra8+
 1-0

[Event "2LD 24/25,Namest n/Osl A-Policka"]
[Site ""]
[Date "2025.01.12"]
[Round "6.2"]
[White "Kastner, Oldrich"]
[Black "Richterova, Natasa"]
[WhiteElo "2030"]
[BlackElo "2099"]
[Result "1/2-1/2"]
[PlyCount "23"]

1. d4 d5 2. Bf4 Nf6 3. e3 c5 4. Nd2 cxd4 5. exd4 Nc6 6. c3 Bf5 7. Ngf3 a6 8. a4
e6 9. Be2 Bd6 10. Bxd6 Qxd6 11. O-O h6 12. Re1 1/2-1/2

[Event "2LD 24/25,Namest n/Osl A-Policka"]
[Site ""]
[Date "2025.01.12"]
[Round "6.3"]
[White "Kratochvil, Vit"]
[Black "Lorenc, Oldrich"]
[WhiteElo "2225"]
[BlackElo "2015"]
[Result "1/2-1/2"]
[PlyCount "24"]

1. e4 d5 2. exd5 Nf6 3. Bb5+ Bd7 4. Be2 Nxd5 5. d4 e6 6. Nf3 c5 7. dxc5 Bxc5 8.
c4 Nf6 9. Nc3 O-O 10. O-O Qc7 11. Bg5 Bc6 12. Nd4 Qe5 1/2-1/2

[Event "2LD 24/25,Namest n/Osl A-Policka"]
[Site ""]
[Date "2025.01.12"]
[Round "6.4"]
[White "Komarkova, Magdalena"]
[Black "Zezula, Jakub"]
[WhiteElo "1940"]
[BlackElo "2147"]
[Result "0-1"]
[PlyCount "110"]

1. e4 e5 2. Nf3 Nc6 3. Bb5 a6 4. Ba4 Nf6 5. O-O Be7 6. Re1 b5 7. Bb3 d6 8. h3
Na5 9. c3 Nxb3 10. Qxb3 O-O 11. d4 exd4 12. cxd4 Bb7 13. Nc3 c6 14. Bg5 Re8 15.
Rad1 Qc7 16. Bf4 a5 17. a3 a4 18. Qc2 Qb6 19. e5 dxe5 20. dxe5 Nd5 21. Nxd5
cxd5 22. Be3 Qe6 23. Ng5 Bxg5 24. Bxg5 Rac8 25. Qd3 Rc4 26. Bd2 d4 27. f4 Qd5
28. Re2 Re6 29. Kh2 h5 30. g3 Qf3 31. Bb4 Rg6 32. e6 fxe6 33. Red2 Rxg3 34.
Qxf3 Rxf3 35. Rxd4 Rxf4 36. Rxf4 Rxf4 37. Kg3 Rf7 38. Rd8+ Kh7 39. Re8 Bd5 40.
Bc3 Rf3+ 41. Kh2 g5 42. Rb8 Rf2+ 43. Kg1 Rg2+ 44. Kf1 Rh2 45. Kg1 Rxh3 46. Rxb5
g4 47. Rb8 g3 48. Rh8+ Kg6 49. Rg8+ Kf5 50. Kf1 h4 51. Ke2 g2 52. Bd4 Rh1 53.
Bf2 h3 54. Rf8+ Kg6 55. Rg8+ Kf7 0-1

[Event "2LD 24/25,Namest n/Osl A-Policka"]
[Site ""]
[Date "2025.01.12"]
[Round "6.5"]
[White "Mrazik, Tomas"]
[Black "Stodola, Marek"]
[WhiteElo "1967"]
[BlackElo "1976"]
[Result "1-0"]
[PlyCount "75"]

1. Nf3 d5 2. e3 Nf6 3. c4 e6 4. Nc3 c6 5. b3 Bd6 6. Bb2 Nbd7 7. Qc2 O-O 8. d4
Re8 9. Bd3 Qe7 10. O-O dxc4 11. Bxc4 b5 12. Bd3 Bb7 13. Ne2 Rac8 14. Ne5 c5 15.
Nxd7 Qxd7 16. Qd2 c4 17. bxc4 bxc4 18. Bc2 Ne4 19. Qa5 c3 20. Ba3 Nd2 21. Bxd6
Nxf1 22. Bc5 Nd2 23. Nxc3 Nc4 24. Qb4 Nb6 25. Nb5 Nd5 26. Qb3 Bc6 27. Qd3 f5
28. Nd6 Rb8 29. Nxe8 Qxe8 30. Bb3 a5 31. Bd6 Rb7 32. e4 fxe4 33. Qxe4 Rf7 34.
Re1 Nf4 35. d5 Nxd5 36. Bxd5 Bxd5 37. Qxd5 Rd7 38. Rxe6 1-0

[Event "2LD 24/25,Namest n/Osl A-Policka"]
[Site ""]
[Date "2025.01.12"]
[Round "6.6"]
[White "Stodola, Jakub"]
[Black "Kosut, Tomas"]
[WhiteElo "1835"]
[BlackElo "1926"]
[Result "0-1"]
[PlyCount "78"]

1. e4 c6 2. Nf3 d5 3. Nc3 dxe4 4. Nxe4 Bf5 5. Ng3 Bg6 6. d4 Nd7 7. h4 h6 8. Bc4
e6 9. h5 Bh7 10. Qe2 Ngf6 11. Ne5 Nxe5 12. dxe5 Nd5 13. O-O Qc7 14. Bb3 Bc5 15.
c4 Ne7 16. Bf4 Nf5 17. Qg4 Nxg3 18. Qxg3 O-O-O 19. Rad1 g5 20. hxg6 Bxg6 21.
Rxd8+ Qxd8 22. Rd1 Qb6 23. Rd2 h5 24. Bc2 h4 25. Qg5 Bxf2+ 26. Rxf2 Bxc2 27.
Be3 Qxb2 28. Rxf7 Qb1+ 29. Kh2 Bg6 30. Re7 h3 31. Qf6 Rd8 32. Qxe6+ Kb8 33. Rg7
hxg2 34. Kxg2 Be4+ 35. Kg3 Qe1+ 36. Kf4 Qh4+ 37. Rg4 Qh7 38. Qf6 Rh8 39. Qg7
Qf5+ 0-1

[Event "2LD 24/25,Namest n/Osl A-Policka"]
[Site ""]
[Date "2025.01.12"]
[Round "6.7"]
[White "Miculka, David"]
[Black "Schaffer, David"]
[WhiteElo "2013"]
[BlackElo "1811"]
[Result "1/2-1/2"]
[PlyCount "32"]

1. e4 e5 2. Nf3 d6 3. Bc4 Be7 4. O-O Nf6 5. d3 O-O 6. Bg5 Bg4 7. h3 Bh5 8. Nc3
c6 9. Bb3 Nbd7 10. Re1 Qc7 11. Qe2 Nc5 12. g4 Nxb3 13. axb3 Bg6 14. Nd1 h5 15.
Bxf6 Bxf6 16. Ne3 hxg4 1/2-1/2

[Event "2LD 24/25,Namest n/Osl A-Policka"]
[Site ""]
[Date "2025.01.12"]
[Round "6.8"]
[White "Holiencin, Filip"]
[Black "Zezula, Rudolf"]
[WhiteElo "1846"]
[BlackElo "2022"]
[Result "0-1"]
[PlyCount "72"]

1. d4 Nf6 2. Bf4 g6 3. e3 Bg7 4. Nf3 O-O 5. h3 c5 6. c3 d5 7. Bd3 Nc6 8. Nbd2
Qb6 9. Qc1 cxd4 10. Nxd4 e5 11. Nxc6 exf4 12. Nd4 Re8 13. N2b3 fxe3 14. f3 Nh5
15. Ne2 Qd6 16. Kf1 Bd7 17. Qe1 Rac8 18. Rc1 b5 19. Nbd4 b4 20. g4 Nf4 21. Nxf4
Qxf4 22. Kg2 Bxd4 23. cxd4 Rxc1 24. Qxc1 Rc8 25. Qe1 Qxd4 26. Qe2 Qc5 27. h4 h6
28. f4 d4 29. Rh2 Qd5+ 30. Kg3 Rc1 31. Rg2 Bc6 32. Rh2 Rg1+ 33. Kh3 h5 34. gxh5
Bd7+ 35. f5 Bxf5+ 36. Bxf5 Qxf5+ 0-1